000 00387cam a22001097a 4500
008 180718b2001 xxu||||| |||| 00| 0 eng d
100 _aFaguet, Jean-Paul
245 _aDoes decentralization increase responsiveness to local needs: evidence from Bolivia
_cby Jean-Paul Faguet
260 _aWashington, D.C.
_bWorld Bank
_c2001
300 _a44p.
440 _aPolicy research working paper 2516
999 _c286882
_d286882